000 00807nam a2200265 i 4500
003 DO-SdBNP
005 20240412092545.0
007 ta
008 240412s2023 dr a 000 j spa d
020 _a9789945648379
040 _aDO-SdBNP
_bspa
_cBNPHU
_erda
082 _bH565
_222
100 1 _aHerrera Romano, Cristina
_977949
_eautora
245 1 3 _aEl osito Oshi /
_cCristina Herrera Romano : ilustraciones Cindi Roa
264 1 _aSanto Domingo :
_bSantuario,
_c2023.
300 _a11 páginas
_bIlustraciones
_c23 cm.
336 _2rdacontent
_atexto
_btxt
337 _2rdamedia
_asin mediación
_bn
338 _2rdacarrier
_avolumen
_bnc
521 _aNivel primario
590 _aInventariado, 2024/ YL
700 1 _aRoa, Cindi
_eilustraciones
_985203
910 _aYLockward
942 _2ddc
_cLF2
999 _c56360
_d56360